Dehydrogenation of 6-azaquinazoline derivatives formation of unexpected quinonediimine intermediates /

Elmentve itt :
Bibliográfiai részletek
Szerzők: Huber Imre
Fülöp Ferenc
Lázár János
Bernáth Gábor
Tóth Gábor
Dokumentumtípus: Cikk
Megjelent: 1992
Sorozat:Kolligátum
Kulcsszavak:Gyógyszerkémia
Online Access:http://misc.bibl.u-szeged.hu/26825
LEADER 00736nab a2200217 i 4500
001 misc26825
005 20191111110238.0
008 170929s1992 hu o 0|| zxx d
040 |a SZTE Miscellanea Repozitórium  |b hun 
041 |a zxx 
100 1 |a Huber Imre 
245 1 0 |a Dehydrogenation of 6-azaquinazoline derivatives   |h [elektronikus dokumentum] :  |b formation of unexpected quinonediimine intermediates /  |c  Huber Imre 
260 |c 1992 
300 |a 157-161 
490 0 |a Kolligátum 
695 |a Gyógyszerkémia 
700 0 1 |a Fülöp Ferenc  |e aut 
700 0 1 |a Lázár János  |e aut 
700 0 1 |a Bernáth Gábor  |e aut 
700 0 1 |a Tóth Gábor  |e aut 
856 4 0 |u http://misc.bibl.u-szeged.hu/26825/1/019_016_157-161.pdf  |z Dokumentum-elérés